• 首页
  • 本馆介绍
  • 公告通知
  • 最新文献
  • 馆藏检索
  • 电子资源
  • 读者导购
  • 参考咨询
  • 我的图书馆
  • 登录
  • 详细信息显示
  • 放入我的书架
  • 预约/预借图书
  • 作者相关作品
  • 分类相关作品
  • 丛书相关作品
  • 出版社相关作品

书目信息

  • 表格格式
  • 工作单格式
  • 卡片格式
题名:
临床常见病症中医诊治经验集萃
    
 
作者: 向薇 编著
分册:  
出版信息: 长春   吉林科学技术出版社  2019.05
页数: 750页
开本: 29cm
丛书名:
单 册:
中图分类: R241 , R242
科图分类:
主题词: 常见病--chang jian bing--中医诊断学 , 常见病--chang jian bing--中医治疗学
电子资源:
ISBN: 978-7-5578-3869-0
000 01080nam0 2200265 450
001 CAL 0120192798610
005 20230217093111.0
010    @a978-7-5578-3869-0@dCNY268.00
100    @a20190717d2019 em y0chiy0120 ea
101 0  @achi
102    @aCN@b220000
105    @aa a 000yy
106    @ar
200 1  @a临床常见病症中医诊治经验集萃@Alin chuang chang jian bing zheng zhong yi zhen zhi jing yan ji cui@f向薇等编著
210    @a长春@c吉林科学技术出版社@d2019.05
215    @a750页@c图@d29cm
320    @a有书目 (第749-750页)
330    @a本书对临床常见病、多发病的中医诊疗策略进行了较为细致的论述, 按照呼吸系统、循环系统、消化系统、泌尿系统、血液系统、神经系统等各系统常见疾病诊治展开, 同时也将内分泌代谢疾病、骨科疾病、妇科疾病及儿科疾病融入其中, 此外, 本书还对针灸和推拿在疾病治疗中的应用进行了较为全面的介绍。
606 0  @a常见病@Achang jian bing@x中医诊断学
606 0  @a常见病@Achang jian bing@x中医治疗学
690    @aR241@v5
690    @aR242@v5
701  0 @a向薇@Axiang wei@4编著
801  0 @aCN@bBJXHZP@c20230228
905    @b1408120-2@dR241@e654@f3
    
    临床常见病症中医诊治经验集萃/向薇等编著.-长春:吉林科学技术出版社,2019.05
    750页:图;29cm
    
    
    ISBN 978-7-5578-3869-0:CNY268.00
    本书对临床常见病、多发病的中医诊疗策略进行了较为细致的论述, 按照呼吸系统、循环系统、消化系统、泌尿系统、血液系统、神经系统等各系统常见疾病诊治展开, 同时也将内分泌代谢疾病、骨科疾病、妇科疾病及儿科疾病融入其中, 此外, 本书还对针灸和推拿在疾病治疗中的应用进行了较为全面的介绍。
●
相关链接 在E读中查询图书 在五车中查询图书 在当当中查询图书 在豆瓣中查询图书


正题名:临床常见病症中医诊治经验集萃     索取号:R241/654         预约/预借

序号 登录号 条形码 馆藏地/架位号 状态 备注
1 1408120   214081205   第二样本阅览室/ [索取号:R241/654] 在馆    
2 1408121   214081214   第三借阅区/ [索取号:R241/654] 在馆    
3 1408122   214081223   第三借阅区/ [索取号:R241/654] 在馆    
唐山师范学院图书馆 欢迎您!
大连网信软件有限公司© 版权所有